La calidad del aire en la megaciudad de México : un enfoque integral /
Contenido: Impacto de la calidad del aire: preocupación local y global; Purificación del aire: Punto de vista comparativo: La experiencia de Los Angeles, EUA; La experiencia de la ciudad de México y el área metropolitana; Fuerzas que conducen el agente contaminante: emisiones en el área metropolitan...
שמור ב:
| מחבר ראשי: | |
|---|---|
| מחברים אחרים: | , |
| פורמט: | ספר |
| שפה: | ספרדית |
| יצא לאור: |
México :
Fondo de Cultura Económica,
2005, c2005
|
| סדרה: | (Sección de Obras de Ciencia y Tecnología)
|
| נושאים: | |
| תגים: |
אין תגיות, היה/י הראשונ/ה לתייג את הרשומה!
|
MARC
| LEADER | 00000nam^a2200000^a^4500 | ||
|---|---|---|---|
| 001 | 000181669 | ||
| 005 | 20250521000000.0 | ||
| 009 | 20260310101939.489 | ||
| 020 | |a 968-16-7580-0 | ||
| 037 | |a Acervo ITESO - Biblioteca | ||
| 041 | |a ESP | ||
| 082 | |a 628. 530972532 |b MOL | ||
| 100 | |a Molina, Luisa T. |e (ed.) | ||
| 240 | 1 | 4 | |a [La calidad del aire en la megaciudad de México: un enfoque integral] |
| 245 | 1 | 3 | |a La calidad del aire en la megaciudad de México : |b un enfoque integral / |c Ed. de L.T. Molina, M. Molina Pasquel; pról. de J. Carabias Lillo ; tr. por Dulce María Abila, Bárbara Córcega, Silvia Ruiz de Chávez. |
| 264 | 4 | |a México : |b Fondo de Cultura Económica, |c 2005, c2005 | |
| 300 | |a 463 p. | ||
| 336 | |a texto |b txt |2 rdacontenido | ||
| 337 | |a sin mediación |b n |2 rdamedio | ||
| 338 | |a volumen |b nc |2 rdasoporte | ||
| 440 | 1 | |a (Sección de Obras de Ciencia y Tecnología) | |
| 500 | |a Traducción de: Air Quality in The Mexico Megacity: An Integrated Assessment | ||
| 520 | |a Contenido: Impacto de la calidad del aire: preocupación local y global; Purificación del aire: Punto de vista comparativo: La experiencia de Los Angeles, EUA; La experiencia de la ciudad de México y el área metropolitana; Fuerzas que conducen el agente contaminante: emisiones en el área metropolitana de la ciudad de México; Beneficios a la salud con el control de la contaminación del aire; Ciencia de la contaminación del aire en la ciudad de México: relación y conocimiento entre la fuente-recepción y los inventarios medidas y modelos de emisiones; El sistema de transporte en la ciudad de México: movilidad y contaminación del aire; Conclusiones: resultados dominantes y recomendaciones; Apéndices: Indice de la calidad del aire en la ciudad de México (IMECA): Programa Hoy no circula. | ||
| 649 | |a XX | ||
| 650 | |a Capa de Ozono | ||
| 650 | |a Sustancias Peligrosas | ||
| 650 | |a Contaminación Ambiental - |z México (Ciudad) - |x Tema Principal | ||
| 650 | |a Contaminación Ambiental - |z Los Angeles, EUA | ||
| 650 | |a Monitoreo Ambiental | ||
| 650 | |a Calidad Ambiental - |x Administración | ||
| 650 | |a Calidad Ambiental - |x Evaluación | ||
| 650 | |a Auditoría Ambiental | ||
| 650 | |a Impacto Ambiental | ||
| 650 | |a Conservación y Protección Ambiental - |z México (Ciudad) | ||
| 650 | |a Conservación y Protección Ambiental | ||
| 650 | |a Política Ambiental - |z México (Ciudad) | ||
| 650 | |a Desarrollo Sustentable | ||
| 650 | |a Ingeniería Sanitaria | ||
| 650 | |a Ingeniería Ambiental | ||
| 700 | |a Molina Pasquel, Mario |e (edición) | ||
| 700 | |a Carabias, Julia |e (prólogo) | ||
| 910 | |a Fondo General | ||
| 920 | |a Impresos - Libros | ||
| 930 | |a Colección General | ||
| 905 | |a 101 | ||
| 901 | |a 0500121436 |b IT1 |c ACC |u 20250521 | ||
| 902 | |a https://opac.biblio.iteso.mx/vufind/Record/000181669 | ||